000 00482nam a2200169 i 4500
001 61951
003 ES-MaACL
005 20230906164558.0
007 t|
008 031114s1969 sp ||||1| spa d
245 0 0 _aFecundidad y matrimonio /
_cJ. Etienne ... [et al.] ; traducción Eloy Requena.
260 _aMadrid :
_bStudium,
_c[1969]
300 _a91 p. ;
_c18 cm.
700 1 _aRequena, Eloy.
_996289
700 1 _aEtienne, J.
_948288
852 _aES-MaACL
_jC-53481
_bR.69045
999 _c61951
_d61951